Understanding programming languages
| Main Author: | |
|---|---|
| Format: | Book |
| Published: |
Chichester :
John Wiley ,
c1996
|
| Subjects: |
MARC
| LEADER | 00000cam a2200000 7i4500 | ||
|---|---|---|---|
| 001 | 0000033640 | ||
| 005 | 20070416093000.0 | ||
| 008 | 021119n | ||
| 020 | |a 0471958468 | ||
| 090 | 0 | 0 | |a QA76.7 |b .B46 1996 |
| 100 | 0 | |a Ben-Ari, M. , |d 1948- , |e author | |
| 245 | 0 | 0 | |a Understanding programming languages |c M. Ben-Ari |
| 260 | 2 | |a Chichester : |b John Wiley , |c c1996 | |
| 300 | |a xv, 360 p. ; ; |c 24 cm. | ||
| 504 | |a Includes bibliographical references and index | ||
| 650 | 0 | |a Programming languages (Electronic computers) | |
| 999 | |a 1000067174 |b Book |c OPEN SHELF (30 DAYS) |e Tembila Campus | ||